000 00660nam a2200241 i 4500
001 C2-0281800
003 PPAK
005 20180728012312.0
008 070830s1985 enka|||| ||||| | eng d
020 _a0713525096
040 _aPPAK
_beng
_cPPAK
_erda
082 0 4 _a796.6
_223
090 0 0 _a796.6
_bWIL
_dR
100 1 _aWilcockson, John,
_eauthor
245 1 4 _aThe pocket guide to cycling
264 1 _aLondon :
_bBell & Hyman ,
_c1985
300 _a94 pages :
_bcolour illustrations ;
_c20 cm
336 _2rdacontent
_atext
337 _2rdamedia
_aunmediated
338 _2rdacarrier
_avolume
650 1 0 _aCycling - Great Britain
942 _ddc
_cB
999 _c88102
_d88102